00880nam a2200205 a 4500008004100000050002500041100002300066245012600089246002900215260003400244350000900278490002900287650001100316650005800327700001700385700001900402995010100421999001700522952013500539060922s1991 ||||||||||||||||| || u aKYO-UNI(05)ASM/91/15 aTerashima, Hideaki10aEthnobotany of the Lega in the tropical rain forest of eastern Zairecby Hideaki Terashima, Seya Kalala and Ngandu Malasi apart one, Zone De Mwenga aKyotobKyoto Universityc1991 a0.00 aAfrican Study Monographs aBOTANY aLEGA--ETHNOBOTANY--DEMOCRATIC REPUBLIC OF CONGO (DRC) aKalala, Seya aMalasi, Ngandu D0.00FCBU-MAIN LIBRARY (Kitwe)H1I0.00M15UAVAILABLEWSep 22, 2006ZInternational Publications c42543d42543 00102lcc4070a001b001cInternational Publicationsd2022-11-30l0oKYO-UNI(05)ASM/91/15pZ03001137r2022-11-30w2022-11-30y002